Responses for Show #6565 - Friday, March 15, 2013

Drew Horwood game 9.

Contestants

[<< previous game]

Rob Groves, a classics lecturer from Los Angeles, California

Kathleen Meyer, a journalist and community volunteer from Brookfield, Wisconsin

Drew Horwood, a business analyst from Minneapolis, Minnesota (whose 8-day cash winnings total $138,100)

[next game >>]

Jeopardy! Round responses

TV SHOW SETTINGS
___ THE ___ PEOPLE
HIGH FANTASY
MIAMI NICE
"SHORT"
SWEET
    $200 6
Boston

Rob
    $200 26
Jack the Ripper

Drew
    $200 1
Arthur

Drew
    $200 11
Havana

Rob
    $200 12
shortwave

Rob
    $200 21
(Drew: What is Splenda?)

Sweet n' Low

DrewRob
    $400 7
Louisiana

Kathleen
    $400 27
John the Baptist

Rob
    $1,000 2
(Alex: You can go for $1,000.)
(Drew: You know, let's make it a True Daily Double.)
(Alex: A True...)
(Drew: Oh, sorry, sorry, $1,000. I...)
(Alex: Yes, I thought you might.)
(Drew: Wow. Yeah.)

Game of Thrones

Drew
    $400 17
Tarzan

Triple Stumper
    $400 13
short-handed

Drew
    $400 22
figs

Rob
    $600 8
Seattle

Drew
    $600 28
Billy the Kid

Kathleen
    $600 3
Conan

Drew
    $600 18
Jackie Gleason

Kathleen
    $600 14
short-changed

Kathleen
    $600 23
sweet potatoes

Rob
    $800 9
Chicago

Triple Stumper
    $800 29
Mac the Knife

Drew
    $800 4
Compass

Rob
    $800 19
(Paul) Gauguin

Rob
    $800 15
(Drew: What is short service?)

short order cook

DrewRob
    $800 24
Chocolate

Kathleen
    $1000 10
Nashville

Drew
    $1000 30
Bob the Builder

Drew
    $1000 5
a castle

Rob
    $1000 20
art deco

Kathleen
    $1000 16
a short rib

Drew
    $1000 25
Necco

Rob

Scores at the first commercial break (after clue 15):

Drew Kathleen Rob
$3,000 $1,000 $3,200

Scores at the end of the Jeopardy! Round:

Drew Kathleen Rob
$5,800 $4,000 $6,600

Double Jeopardy! Round responses

MASON, DIXON, & THEIR LINE
SECOND ROCK FROM THE SUN
THEY CO-STARRED WITH LEO DiCAPRIO
(Alex: In [*], we want you to name the film for us.)
POST MASTERS
AMERICAN ANNUAL EVENTS
DOUBLE N-DEMNITY
(Alex: There will be 2 "N"s in each correct response.)
    $400 26
(Alex: Pick an obvious one, [*].)

Philadelphia

Triple Stumper
    $400 6
volcanoes

Drew
    $400 1
Inception

Drew
    $400 16
symphonies

Drew
    $400 11
garlic

Kathleen
    $400 21
running

Kathleen
    $800 27
[Alex reads "M & D" as "Mason & Dixon".]

latitude

Drew
    $800 7
carbon dioxide

Drew
    $800 2
The Departed

Kathleen
    $800 17
Christianity

Rob
    $800 12
a chainsaw

Drew
    $800 22
manna

Rob
    $1200 28
(Alex: He was [*].)

an astronomer

Triple Stumper
    $1200 8
Copernicus

Rob
    $1200 3
The Aviator

Kathleen
    $1200 18
postmodernism

Rob
    $1200 13
(Drew: What is whiskey?)
(Alex: Be more specific.)
(Drew: What is [*]?)
(Alex: [*] whiskey, yes.)

Bourbon

Drew
    $1200 23
(Kathleen: What's a biennial?)
(Drew: What is an annual?)

a perennial

DrewKathleenRob
    $1600 29
the Missouri Compromise

Drew
    $1600 9
(Drew: What is the Morning Star?)
...
(Alex: [*] for Tennyson, yes.)

the Evening Star

DrewRob
    $1600 4
Gangs Of New York

Drew
    $1600 19
(Drew: Who are the impressionists?)
(Alex: No.)
(Drew: Who are [*]?)
(Alex: Rob?)
(Rob: [*]. Who are [*]?)
(Alex: Yes, I ruled on your first statement, Drew, you said "impressionists," and I believe I said "No," and then you corrected yourself.)

the postimpressionists

DrewRob
    $1600 14
motorcycles

Kathleen
    $1600 24
a manny

Drew
    $2000 30
the Calverts

Kathleen
    $3,000 10
(Alex: You picked the right one--way to go!)

Aphrodite

Rob
    $2000 5
Blood Diamond

Drew
    $2000 20
John Updike

Triple Stumper
    $2000 15
(Alex: [*] and it's a spectacular sight.)

Albuquerque

Kathleen
    $10,600 25
(Drew: What is to furrow?)
(Alex: No, what is [*]? It's gotta have double-"N"--not double-"R".)

winnow

Drew

Scores at the end of the Double Jeopardy! Round:

Drew Kathleen Rob
$2,400 $11,200 $18,000

[wagering suggestions for these scores]

Final Jeopardy! Round responses

SHAKESPEARE
DrewWhat is A Midsummer Night's Dream?
$0
KathleenWhat Twelfth Night?
$6,801
RobWhat is a Midsummer Night's Dream?
$4,500
A Midsummer Night's Dream

Final scores:

Drew Kathleen Rob
$2,400 $4,399 $22,500
3rd place: $1,000 2nd place: $2,000 New champion: $22,500

Game dynamics:

Coryat scores:

Drew Kathleen Rob
$12,400 $11,200 $17,000
21 R
(including 1 DD),
6 W
(including 1 DD)
13 R,
1 W
20 R
(including 1 DD),
0 W

Combined Coryat: $40,600

[game clues] [game scores] [suggest correction]

Game tape date: 2012-10-30
The J! Archive is created by fans, for fans. Scraping, republication, monetization, and malicious use prohibited; this site may use cookies and collect identifying information. See terms. The Jeopardy! game show and all elements thereof, including but not limited to copyright and trademark thereto, are the property of Jeopardy Productions, Inc. and are protected under law. This website is not affiliated with, sponsored by, or operated by Jeopardy Productions, Inc. Join the discussion at JBoard.tv.